01605cam a2200361Ia 4500001002300000003000700023005001700030007000700047008004100054010001700095040006900112020001500181020001800196035002000214050002300234082001100257130002800268245011400296260003600410300004200446500008500488500002300573610004200596650001500638710004200653740002100695856009600716856010100812942000700913506015000920506015401070999001901224dinamationsdinos00dinaCaSfIA20210118002217.0cr||||931215s1992 nyua j 000 0 eng d a 92082913  aBIBcBIBdVHBdOCLdOCLCQdBAKERdXY4dBTCTAdYDXCPdQJBdCaSfIA a0590470825 a9780590470827 a(OCoLC)2950376914aQE862.D5bD48 1992 4a567.910 aDinamation's dinosaurs.10aDinamation's dinosaurs alive! /h[electronic resource] cphotographs by Dinamation International Corporation. aNew York :bScholastic,cc1992. a1 v. (unpaged) :bill. ;c25 x 21 cm. aOriginally published as: Dinomation's dinosaurs. England : Campbell Books, 1992. a"Cartwheel books."20aDinamation International Corporation. 0aDinosaurs.2 aDinamation International Corporation.01aDinosaurs alive!41uhttp://www.archive.org/details/dinamationsdinos00dinazFree eBook from the Internet Archive42uhttp://www.openlibrary.org/books/OL20939372MzAdditional information and access via Open Library cEB fНеобхідна авторизація на https://archive.org/ (створення облікового запису безкоштовно) fНеобхідна авторизація на https://openlibrary.org/ (створення облікового запису безкоштовно) c488783d488783